Politics and public policy in Latin America / (Record no. 57883)
[ view plain ]
| 000 -LEADER | |
|---|---|
| fixed length control field | 01227nam a2200361 a 4500 |
| 001 - CONTROL NUMBER | |
| control field | 57883 |
| 003 - CONTROL NUMBER IDENTIFIER | |
| rucl marc code | BD-RjUL |
| 005 - DATE AND TIME OF LATEST TRANSACTION | |
| control field | 20211209080548.0 |
| 008 - FIXED-LENGTH DATA ELEMENTS--GENERAL INFORMATION | |
| fixed length control field | 161212s1984 coua b 001 0 eng |
| 020 ## - INTERNATIONAL STANDARD BOOK NUMBER | |
| International Standard Book Number | 0813300401 : |
| Terms of availability | $25.00 (est.) |
| International Standard Book Number | 081330041X (pbk.) : |
| Terms of availability | $11.95 (est.) |
| 035 ## - SYSTEM CONTROL NUMBER | |
| System control number | (OCoLC)10800569 |
| System control number | (OCoLC)ocm10800569 |
| System control number | (CStRLIN)NYCG85-B569 |
| System control number | (BD-RjUL)58007 |
| System control number | (NNC)353884 |
| 040 ## - CATALOGING SOURCE | |
| Modifying agency | CStRLIN |
| Original cataloging agency | BD-RjUL |
| Language of cataloging | eng |
| Transcribing agency | BD-RjUL |
| 041 ## - LANGUAGE CODE | |
| Language code of text/sound track or separate title | eng |
| 082 0# - DEWEY DECIMAL CLASSIFICATION NUMBER | |
| Classification number | 320.98 |
| Edition number | 23 |
| Author mark and year | HUP 1984 |
| 090 ## - LOCALLY ASSIGNED LC-TYPE CALL NUMBER (OCLC); LOCAL CALL NUMBER (OCLC) | |
| Classification number (OCLC) (R) ; Classification number, CALL (RLIN) (NR) | JL960 |
| Local cutter number (OCLC) ; Book number/undivided call number, CALL (RLIN) | .H83 1984 |
| 100 1# - MAIN ENTRY--PERSONAL NAME | |
| Personal name | Hughes, Steven W. |
| 9 (RLIN) | 171929 |
| 245 10 - TITLE STATEMENT | |
| Title | Politics and public policy in Latin America / |
| Statement of responsibility, etc. | Steven W. Hughes & Kenneth J. Mijeski ; with case studies by Stephen G. Bunker ... [et al.]. |
| 260 ## - PUBLICATION, DISTRIBUTION, ETC. (IMPRINT) | |
| Place of publication, distribution, etc. | Boulder : |
| Name of publisher, distributor, etc. | Westview Press, |
| Date of publication, distribution, etc. | 1984. |
| 300 ## - PHYSICAL DESCRIPTION | |
| Pagination | xi, 256 p. : |
| Illustrations | ill. ; |
| Size | 24 cm. |
| 500 ## - GENERAL NOTE | |
| General note | Includes |
| 504 ## - BIBLIOGRAPHY, ETC. NOTE | |
| Bibliography, etc | Includes Bibliography: p. 227-242. and index. |
| 650 #0 - SUBJECT ADDED ENTRY--TOPICAL TERM | |
| Topical term or geographic name as entry element | Political planning |
| Geographic subdivision | Latin America. |
| 9 (RLIN) | 171930 |
| Topical term or geographic name as entry element | Policy sciences. |
| 9 (RLIN) | 171931 |
| 651 #0 - SUBJECT ADDED ENTRY--GEOGRAPHIC NAME | |
| Geographic name | Latin America |
| General subdivision | Politics and government |
| Chronological subdivision | 1948-1980. |
| 9 (RLIN) | 171932 |
| 700 1# - ADDED ENTRY--PERSONAL NAME | |
| Personal name | Mijeski, Kenneth J. |
| 942 ## - ADDED ENTRY ELEMENTS (KOHA) | |
| Source of classification or shelving scheme | Dewey Decimal Classification |
| Koha item type | Books |
| Lost status | Source of classification or shelving scheme | Damaged status | Not for loan | Collection code | Permanent Location | Current Location | Shelving location | Date acquired | Total Checkouts | Full call number | Date last seen | Copy number | Koha item type |
|---|---|---|---|---|---|---|---|---|---|---|---|---|---|
| Dewey Decimal Classification | Not For Loan | Non-fiction | Central Library, University of Rajshahi | Central Library, University of Rajshahi | Reading Room | 16/03/1989 | 320.98 HUP 1984 | 12/12/2016 | C-1 | Books |